000 00516nam a2200205Ia 4500
003 GCL
008 140319s9999 xx 000 0 eng d
040 _aGCL /
_cGCL
082 0 4 _a658.4038
_bT O
100 1 _aTOLEDO, HUGO
245 1 0 _aORACLE: NET WORKING /
_cTOLEDO, HUGO
260 _a[S.N] :
_bOSBORNE MCGRAOW - HILL ،
_c1996
300 _a364 P
650 0 4 _aشعر الحرب
650 0 4 _aCOMPUTER
650 0 4 _aNET WORK
650 0 4 _aNETWORKING - MANAGEMENT
650 0 4 _aORACLE
942 _2ddc
_cBK
999 _c13904
_d13904